Normal view MARC view

Entry Nombre personal

Number of records used in: 1

001 - NÚMERO DE CONTROL

  • campo de control: 83975

003 - IDENTIFICADOR DE NÚMERO DE CONTROL

  • campo de control: SpMaBN

005 - FECHA Y HORA DE LA ÚLTIMA TRANSACCIÓN

  • campo de control: 20250801081118.0

008 - ELEMENTOS DE DATO DE LONGITUD-FIJA

  • campo de control de longitud fija: 930526nn ainnnaabn n aac d

016 ## - NÚMERO DE CONTROL DE UNA AGENCIA BIBLIOGRÁFICA NACIONAL

  • Número de control del registro: BNE19984322315

040 ## - FUENTE DE CATALOGACIÓN

  • Centro catalogador/agencia de origen: WU
  • Lengua de catalogación: **
  • Centro/agencia transcriptor: WU
  • Centro/agencia modificador: TxU
  • Centro/agencia modificador: DLC
  • Centro/agencia modificador: SpMaBN-DP

100 1# - ENCABEZAMIENTO-NOMBRE DE PERSONA

  • Nombre de persona: Moya Palencia, Mario

375 ## - GÉNERO/SEXO

  • Género: Masculino